[Event "Scarborough CC Falling Leaves U1400"]
[Site "Toronto"]
[Date "2011.12.01"]
[Round "5"]
[White "Verde, Pino"]
[Black "Wang, Eric1111"]
[Result "0-1"]
[WhiteElo "1643"]
[BlackElo "1501"]
[PlyCount "86"]
[EventDate "2011.11.03"]
[EventType "swiss"]
[EventRounds "7"]
[EventCountry "CAN"]
[SourceTitle "EXT 2022"]
[Source "ChessBase"]
[SourceDate "2021.10.06"]
[SourceVersion "1"]
[SourceVersionDate "2021.10.06"]
[SourceQuality "1"]

1. Nf3 Nf6 2. b4 e6 3. a3 c5 4. c3 d5 5. Bb2 Nc6 6. bxc5 Bxc5 7. d4 Bd6 8. Nbd2 Bd7 9. e3 Rc8 10. Rc1 Na5 11. Ne5 b5 12. g4 Nc4 13. Ndxc4 bxc4 14. g5 Ng8 15. Qf3 Bxe5 16. dxe5 Qxg5 17. Qg3 Qxg3 18. hxg3 Rb8 19. Rc2 Ba4 20. Rd2 Ne7 21. e4 Bb3 22. exd5 Nxd5 23. Bg2 0-0 24. Bxd5 exd5 25. f4 Ba4 26. Rhh2 Rb3 27. Rxd5 Bc6 28. Rc5 Bb5 29. a4 Ba6 30. Ra5 Bb7 31. Rxa7 Be4 32. Rd2 Bd3 33. a5 h6 34. Kd1 Rfb8 35. Kc1 Rxc3+ 36. Kd1 Rcb3 37. Rxd3 Rxd3+ 38. Kc2 Rxg3 39. Bd4 c3 40. a6 Rb2+ 41. Kc1 Ra2 42. Ra8+ Kh7 43. a7 Rf3 0-1

[Event "Scarborough CC Falling Leaves U1800"]
[Site "Toronto"]
[Date "2011.11.17"]
[Round "3"]
[White "Verde, Pino"]
[Black "Super, Russell"]
[Result "1-0"]
[WhiteElo "1643"]
[BlackElo "1423"]
[PlyCount "49"]
[EventDate "2011.11.03"]
[EventType "swiss"]
[EventRounds "7"]
[EventCountry "CAN"]
[SourceTitle "EXT 2022"]
[Source "ChessBase"]
[SourceDate "2021.10.06"]
[SourceVersion "1"]
[SourceVersionDate "2021.10.06"]
[SourceQuality "1"]

1. e4 c5 2. Bc4 d6 3. Qf3 Nf6 4. Nc3 e6 5. d3 Be7 6. g4 Nc6 7. Bb5 a6 8. Bxc6+ bxc6 9. e5 Nd5 10. exd6 Bxd6 11. Ne4 Be7 12. g5 Qc7 13. h4 Bb7 14. a3 Bd6 15. Nh3 Qe7 16. c4 Nb6 17. Nf4 Rd8 18. Bd2 Be5 19. Ba5 Bc7 20. Nh5 0-0 21. Nhf6+ Kh8 22. Nxh7 Kxh7 23. Qh5+ Kg8 24. Nf6+ gxf6 25. gxf6 1-0

[Event "Scarborough CC Howard Ridout U1800"]
[Site "Toronto"]
[Date "2011.09.29"]
[Round "3"]
[White "Verde, Pino"]
[Black "Liao, Jacky"]
[Result "1-0"]
[WhiteElo "1675"]
[BlackElo "1327"]
[PlyCount "59"]
[EventDate "2011.09.08"]
[EventType "swiss"]
[EventRounds "6"]
[EventCountry "CAN"]
[SourceTitle "EXT 2022"]
[Source "ChessBase"]
[SourceDate "2021.10.06"]
[SourceVersion "1"]
[SourceVersionDate "2021.10.06"]
[SourceQuality "1"]

1. Nf3 Nf6 2. d3 g6 3. e4 d6 4. Nbd2 Bg7 5. c3 0-0 6. Be2 Be6 7. 0-0 d5 8. e5 Nfd7 9. d4 f6 10. Qb3 b6 11. Re1 Bf7 12. Bd3 fxe5 13. Ng5 e6 14. Ndf3 e4 15. Nxf7 Rxf7 16. Ng5 exd3 17. Nxf7 Kxf7 18. c4 Bxd4 19. cxd5 e5 20. d6+ Kg7 21. Qd5 Qf6 22. Be3 c6 23. Qc4 Qxd6 24. Qxd3 Nc5 25. Qe2 Ne6 26. Rad1 Qb4 27. Bxd4 Nxd4 28. Qxe5+ Kh6 29. Rxd4 Qxb2 30. Rh4# 1-0

[Event "Scarborough CC Howard Ridout U1800"]
[Site "Toronto"]
[Date "2011.09.15"]
[Round "2"]
[White "Tismenko, Dennis"]
[Black "Verde, Pino"]
[Result "1-0"]
[WhiteElo "1407"]
[BlackElo "1675"]
[PlyCount "85"]
[EventDate "2011.09.08"]
[EventType "swiss"]
[EventRounds "6"]
[EventCountry "CAN"]
[SourceTitle "EXT 2022"]
[Source "ChessBase"]
[SourceDate "2021.10.06"]
[SourceVersion "1"]
[SourceVersionDate "2021.10.06"]
[SourceQuality "1"]

1. e4 d6 2. d4 Nf6 3. Nc3 Nbd7 4. Nf3 g6 5. Bf4 Bg7 6. Qd2 h6 7. h3 c6 8. Bc4 b5 9. Bb3 b4 10. Ne2 Nxe4 11. Qxb4 Rb8 12. Qc4 0-0 13. Qxc6 Bb7 14. Qc4 Qa5+ 15. c3 Ba6 16. Qa4 Qxa4 17. Bxa4 Rxb2 18. Nfg1 Nb6 19. Bb3 Rc8 20. Bc1 Rxe2+ 21. Nxe2 Bxe2 22. Kxe2 Nxc3+ 23. Kd3 a5 24. Bd2 Nb5 25. Bxa5 Bxd4 26. Rac1 Rxc1 27. Rxc1 Nd7 28. Ba4 Ne5+ 29. Ke4 d5+ 30. Kxd5 e6+ 31. Ke4 f5+ 32. Kf4 Nd3+ 33. Kf3 Nxc1 34. Bxb5 Kf7 35. Bc4 g5 36. Bd2 Bb2 37. a4 Ke7 38. a5 e5 39. a6 e4+ 40. Ke3 Ba3 41. Bxc1 Bc5+ 42. Ke2 f4 43. Ba3 1-0